[Event "78th DEN-ch"]
[Site "Aarhus DEN"]
[Date "1999.03.27"]
[Round "1"]
[White "Hansen, Lars Bo"]
[Black "El-Kher, Henrik"]
[WhiteElo "2565"]
[BlackElo "2338"]
[Result "1-0"]
[EventDate "1999.03.27"]
[PlyCount "85"]
[EventCategory "10"]
[Source "ChessBase"]
[SourceDate "1999.08.01"]

1. d4 Nf6 2. Nf3 g6 3. Nc3 d5 4. Bf4 Bg7 5. e3 O-O 6. Be2 Bf5 7. h3 Qc8 8. g4
Be6 9. Qd2 Rd8 10. Ne5 c5 11. f3 Nfd7 12. O-O-O Nc6 13. Nxc6 bxc6 14. h4 Qb7
15. h5 g5 16. Bxg5 Rdb8 17. b3 cxd4 18. exd4 Qb4 19. Nb1 Qxd2+ 20. Rxd2 f6 21.
Be3 Bf7 22. f4 e5 23. g5 exd4 24. Bxd4 c5 25. Bb2 Rb4 26. Bg4 Nb6 27. gxf6 Bh6
28. Rg2 Rxf4 29. Kd1 Kf8 30. Be5 Re4 31. Bd6+ Ke8 32. Re1 Nd7 33. Rxe4+ dxe4
34. Be7 Ne5 35. Be2 Be6 36. Nc3 e3 37. Ne4 Bd5 38. Bb5+ Kf7 39. Ng5+ Kg8 40.
Nf3+ Kh8 41. Nxe5 Bxg2 42. Nf7+ Kg8 43. Nxh6+ 1-0

[Event "78th DEN-ch"]
[Site "Aarhus DEN"]
[Date "1999.03.27"]
[Round "1"]
[White "Hansen, Sune Berg"]
[Black "Schandorff, Lars"]
[WhiteElo "2499"]
[BlackElo "2527"]
[Result "1/2-1/2"]
[EventDate "1999.03.27"]
[PlyCount "131"]
[EventCategory "10"]
[Source "ChessBase"]
[SourceDate "1999.08.01"]

1. e4 e5 2. Nf3 Nf6 3. d4 Nxe4 4. dxe5 d5 5. Nbd2 Nc5 6. Nb3 Nxb3 7. axb3 Bg4
8. Bb5+ c6 9. Be2 Bc5 10. Ra4 Bxf3 11. gxf3 Nd7 12. f4 Nb6 13. Ra1 Qh4 14. O-O
f6 15. e6 Bd6 16. Qd4 O-O 17. c4 f5 18. Kh1 Rf6 19. Rg1 c5 20. Qe3 d4 21. Qf3
Rxe6 22. Qxb7 Re7 23. Qf3 Rf8 24. Bd3 Rf6 25. Bd2 Rh6 26. Rg2 Qh3 27. Qg3 Qxg3
28. fxg3 Rf6 29. Ra5 Rc7 30. Re2 Kf8 31. Re1 g6 32. Rea1 Rff7 33. Rb5 Rfe7 34.
Raa5 Nd7 35. Kg2 Ke8 36. Ra6 Nb6 37. Kf3 Red7 38. h3 Kf7 39. g4 fxg4+ 40. hxg4
Re7 41. Rba5 Kg7 42. g5 Rf7 43. Kg4 Nc8 44. Ra1 Nb6 45. Rh1 Kg8 46. Rh3 Rce7
47. Rh6 Re6 48. Ra1 Bf8 49. Rh2 Bd6 50. Re2 Rxe2 51. Bxe2 Re7 52. Bd3 Kf7 53.
Kf3 Rc7 54. Rh1 Kg8 55. Be4 Bf8 56. f5 gxf5 57. Bxf5 Rf7 58. Kg4 Re7 59. Bf4
Nd7 60. Rh3 Ne5+ 61. Bxe5 Rxe5 62. Bxh7+ Kg7 63. Bf5 Kg8 64. Bh7+ Kg7 65. Bf5
Kg8 66. Bh7+ 1/2-1/2

[Event "78th DEN-ch"]
[Site "Aarhus DEN"]
[Date "1999.03.27"]
[Round "1"]
[White "Nielsen, Peter Heine"]
[Black "Mortensen, Erling"]
[WhiteElo "2515"]
[BlackElo "2424"]
[Result "1-0"]
[EventDate "1999.03.27"]
[PlyCount "71"]
[EventCategory "10"]
[Source "ChessBase"]
[SourceDate "1999.08.01"]

1. d4 Nf6 2. Nf3 g6 3. g3 Bg7 4. Bg2 O-O 5. O-O d6 6. c4 c6 7. Nc3 Qa5 8. h3 e5
9. e4 Nbd7 10. Be3 exd4 11. Nxd4 Nb6 12. Nb3 Qh5 13. Qxh5 Nxh5 14. g4 Nf6 15.
Na5 Be6 16. Rfd1 Nxc4 17. Nxc4 Bxc4 18. Rxd6 Rfc8 19. f4 Ne8 20. Rd7 b5 21. e5
f6 22. b3 Bf7 23. Rf1 a5 24. g5 fxe5 25. fxe5 Be6 26. Re7 Bf5 27. Ne4 Rc7 28.
Nf6+ Bxf6 29. exf6 Rxe7 30. fxe7 Rc8 31. Bc5 Kf7 32. Rd1 a4 33. bxa4 bxa4 34.
Bf1 Be6 35. Ba6 Ng7 36. Rd8 1-0

[Event "78th DEN-ch"]
[Site "Aarhus DEN"]
[Date "1999.03.28"]
[Round "2"]
[White "Borge, Nikolaj"]
[Black "Larsen, Bent"]
[WhiteElo "2466"]
[BlackElo "2532"]
[Result "1/2-1/2"]
[EventDate "1999.03.27"]
[PlyCount "114"]
[EventCategory "10"]
[Source "ChessBase"]
[SourceDate "1999.08.01"]

1. e4 Nf6 2. e5 Nd5 3. d4 d6 4. Nf3 dxe5 5. Nxe5 g6 6. Nd2 Bg7 7. Ndf3 O-O 8.
Bc4 c6 9. O-O Nd7 10. Re1 Nxe5 11. Nxe5 a5 12. a4 Be6 13. Qf3 Qd6 14. c3 c5 15.
dxc5 Qxc5 16. Bb5 Rad8 17. Nd3 Qc8 18. Nf4 Nxf4 19. Bxf4 Rd5 20. Qe3 Bd7 21.
Qb6 Bxb5 22. axb5 Qf5 23. Qxb7 Rxb5 24. Qf3 Rxb2 25. Be5 Qxf3 26. gxf3 Bxe5 27.
Rxe5 Rd8 28. Rexa5 Rd3 29. Kg2 Rxc3 30. R5a3 Rcc2 31. Rf1 Kg7 32. Rd3 e6 33.
Re3 Rb5 34. Rd3 Rc4 35. h3 Rg5+ 36. Kh2 Rh4 37. Rh1 e5 38. Ra3 Rf4 39. Re1 Rgf5
40. Kg3 h5 41. Re4 h4+ 42. Kg2 Rxe4 43. fxe4 Rf4 44. Ra4 Kh6 45. Ra7 Kg5 46. f3
f5 47. Ra5 Kf6 48. Ra6+ Kg7 49. Ra7+ Kh6 50. exf5 gxf5 51. Ra5 e4 52. fxe4 fxe4
53. Re5 Kg6 54. Re6+ Kf7 55. Re5 Kf6 56. Re8 Kf5 57. Re7 Kf6 1/2-1/2

[Event "78th DEN-ch"]
[Site "Aarhus DEN"]
[Date "1999.03.28"]
[Round "2"]
[White "Hansen, Curt"]
[Black "Nielsen, Peter Heine"]
[WhiteElo "2608"]
[BlackElo "2515"]
[Result "1/2-1/2"]
[EventDate "1999.03.27"]
[PlyCount "40"]
[EventCategory "10"]
[Source "ChessBase"]
[SourceDate "1999.08.01"]

1. d4 Nf6 2. c4 e6 3. Nf3 d5 4. Nc3 Be7 5. Bg5 h6 6. Bh4 O-O 7. e3 b6 8. Bd3
Bb7 9. O-O Nbd7 10. Qe2 Ne4 11. Bg3 Ndf6 12. Rfd1 Nxc3 13. bxc3 dxc4 14. Bxc4
Ne4 15. Rac1 Bd6 16. Ba6 Qc8 17. Bd3 Bxg3 18. hxg3 c5 19. Ne5 Qc7 20. a4 Rac8
1/2-1/2

[Event "78th DEN-ch"]
[Site "Aarhus DEN"]
[Date "1999.03.28"]
[Round "2"]
[White "Mortensen, Erling"]
[Black "Hansen, Sune Berg"]
[WhiteElo "2424"]
[BlackElo "2499"]
[Result "1/2-1/2"]
[EventDate "1999.03.27"]
[PlyCount "46"]
[EventCategory "10"]
[Source "ChessBase"]
[SourceDate "1999.08.01"]

1. e4 c5 2. Nf3 d6 3. d4 cxd4 4. Nxd4 Nf6 5. Nc3 g6 6. Be2 Bg7 7. O-O O-O 8.
Be3 Nc6 9. Nb3 Be6 10. f4 Rc8 11. Kh1 Na5 12. Nxa5 Qxa5 13. Bd3 Bc4 14. Qe2 Qb4
15. Rab1 b5 16. a3 Qa5 17. Bd4 Rfe8 18. Rbd1 Bxd3 19. cxd3 b4 20. axb4 Qxb4 21.
Bxf6 Bxf6 22. e5 Bg7 23. d4 f6 1/2-1/2

[Event "78th DEN-ch"]
[Site "Aarhus DEN"]
[Date "1999.03.29"]
[Round "3"]
[White "El-Kher, Henrik"]
[Black "Schandorff, Lars"]
[WhiteElo "2338"]
[BlackElo "2527"]
[Result "0-1"]
[EventDate "1999.03.27"]
[PlyCount "68"]
[EventCategory "10"]
[Source "ChessBase"]
[SourceDate "1999.08.01"]

1. d4 d5 2. c4 dxc4 3. e3 Nf6 4. Bxc4 e6 5. Nf3 c5 6. Qe2 a6 7. dxc5 Bxc5 8.
O-O Nbd7 9. e4 b5 10. Bd3 Bb7 11. a4 bxa4 12. Rxa4 Bc6 13. Rc4 Bb5 14. Rc3 Bxd3
15. Rxd3 Qc7 16. e5 Nd5 17. Rxd5 exd5 18. e6 Nf6 19. exf7+ Kf8 20. Nc3 Qxf7 21.
Ng5 Qe7 22. Qd3 Qd7 23. Re1 Re8 24. Rxe8+ Qxe8 25. Bd2 h6 26. Nh3 d4 27. Nd5
Qe4 28. Ndf4 Qxd3 29. Nxd3 Bd6 30. Nhf4 Bxf4 31. Bxf4 Kf7 32. Nb4 Rc8 33. Nxa6
Ra8 34. Nc5 Ra1+ 0-1

[Event "78th DEN-ch"]
[Site "Aarhus DEN"]
[Date "1999.03.29"]
[Round "3"]
[White "Hansen, Lars Bo"]
[Black "Mortensen, Erling"]
[WhiteElo "2565"]
[BlackElo "2424"]
[Result "1/2-1/2"]
[EventDate "1999.03.27"]
[PlyCount "133"]
[EventCategory "10"]
[Source "ChessBase"]
[SourceDate "1999.08.01"]

1. d4 Nf6 2. Nf3 c5 3. e3 g6 4. c4 Bg7 5. Nc3 O-O 6. Be2 cxd4 7. exd4 d5 8. O-O
Nc6 9. Re1 Bg4 10. cxd5 Nxd5 11. h3 Be6 12. Bf1 Rc8 13. Bg5 h6 14. Be3 Nxe3 15.
fxe3 f5 16. Qd2 Bf7 17. Rad1 Qa5 18. Bb5 Rfd8 19. Qf2 Nb4 20. a3 Nd5 21. Nxd5
Bxd5 22. Bd3 Qb6 23. Rd2 Be4 24. Red1 Qe6 25. Kh1 g5 26. Ng1 Rf8 27. Ne2 Bxd3
28. Rxd3 Qd6 29. Nc3 g4 30. R3d2 gxh3 31. Qf3 e5 32. dxe5 Qxe5 33. Qxh3 Rce8
34. Nd5 Qe4 35. Qf3 Qh4+ 36. Qh3 Qg5 37. Nf4 Qg4 38. Nd5 Re4 39. Rf1 Qg5 40.
Nf4 Qg4 41. Rf3 Qxh3+ 42. gxh3 Rf7 43. Kg2 Kh7 44. Ne2 Be5 45. Kf2 f4 46. exf4
Bxf4 47. Nxf4 Rexf4 48. Rxf4 Rxf4+ 49. Ke3 Rf7 50. Rd6 h5 51. h4 b6 52. b4 Rg7
53. Kf4 Rg4+ 54. Kf5 Rxh4 55. Kg5 Rh1 56. Rd7+ Kg8 57. Rxa7 h4 58. Kg4 Kf8 59.
Rh7 Ra1 60. Rxh4 Rxa3 61. Kf5 Ke7 62. Ke5 Kd7 63. Kd5 Rc3 64. Rh7+ Kc8 65. Kd6
Kb8 66. b5 Rc5 67. Rh8+ 1/2-1/2

[Event "78th DEN-ch"]
[Site "Aarhus DEN"]
[Date "1999.03.29"]
[Round "3"]
[White "Hansen, Sune Berg"]
[Black "Hansen, Curt"]
[WhiteElo "2499"]
[BlackElo "2608"]
[Result "1/2-1/2"]
[EventDate "1999.03.27"]
[PlyCount "105"]
[EventCategory "10"]
[Source "ChessBase"]
[SourceDate "1999.08.01"]

1. e4 c5 2. Nf3 e6 3. d4 cxd4 4. Nxd4 a6 5. Bd3 g6 6. Nc3 Bg7 7. Be3 Ne7 8. Qd2
d5 9. exd5 Nxd5 10. Nxd5 Qxd5 11. O-O O-O 12. Ne2 Nd7 13. Nc3 Qa5 14. Bh6 Nf6
15. Rfe1 Bd7 16. Bxg7 Kxg7 17. Qf4 Bc6 18. Re3 Rad8 19. Rae1 Qc5 20. Be4 Rd4
21. Qc7 Rd7 22. Qf4 Rd4 23. Qc7 Nxe4 24. Nxe4 Qf5 25. f3 Rd7 26. Qb6 Rfd8 27.
Nc5 Rd2 28. Nd3 Rd5 29. Qb4 Rxc2 30. Qb3 Rxd3 31. Qxd3 Qxd3 32. Rxd3 Rxb2 33.
a3 Bd5 34. Red1 Rc2 35. R1d2 Rc1+ 36. Rd1 Rc5 37. Kf2 b5 38. Ke3 Kf6 39. Kd2
Rc4 40. Rc3 Rh4 41. h3 a5 42. Ke3 b4 43. axb4 axb4 44. Rc8 Ke5 45. Rb8 Rc4 46.
Rd3 f5 47. g3 g5 48. f4+ gxf4+ 49. gxf4+ Kf6 50. Rd4 Rc3+ 51. Rd3 Rc4 52. Rd4
Rc3+ 53. Rd3 1/2-1/2

[Event "78th DEN-ch"]
[Site "Aarhus DEN"]
[Date "1999.03.29"]
[Round "3"]
[White "Nielsen, Peter Heine"]
[Black "Borge, Nikolaj"]
[WhiteElo "2515"]
[BlackElo "2466"]
[Result "1-0"]
[EventDate "1999.03.27"]
[PlyCount "67"]
[EventCategory "10"]
[Source "ChessBase"]
[SourceDate "1999.08.01"]

1. c4 Nf6 2. g3 c5 3. Bg2 d5 4. cxd5 Nxd5 5. Nc3 Nc7 6. Nf3 Nc6 7. d3 g6 8. Be3
Ne6 9. O-O Bg7 10. Na4 Qd7 11. Rc1 b6 12. d4 cxd4 13. Nxd4 Nexd4 14. Bxd4 Nxd4
15. Bxa8 Ba6 16. Nc3 O-O 17. Bg2 Rd8 18. Re1 Qe8 19. Nd5 Qb5 20. e3 Rxd5 21.
Bxd5 Qxd5 22. exd4 Bb7 23. f3 Bxd4+ 24. Kg2 e5 25. Rc7 g5 26. g4 h5 27. h3 a5
28. b3 h4 29. Qd3 a4 30. Qe4 Qa5 31. Rxb7 Qd2+ 32. Qe2 Qf4 33. Kf1 Qg3 34. Qg2
{Schwarz gab auf.} 1-0

[Event "78th DEN-ch"]
[Site "Aarhus DEN"]
[Date "1999.03.30"]
[Round "4"]
[White "Borge, Nikolaj"]
[Black "Hansen, Sune Berg"]
[WhiteElo "2466"]
[BlackElo "2499"]
[Result "0-1"]
[EventDate "1999.03.27"]
[PlyCount "80"]
[EventCategory "10"]
[Source "ChessBase"]
[SourceDate "1999.08.01"]

1. e4 c5 2. Nf3 d6 3. d4 cxd4 4. Nxd4 Nf6 5. Nc3 a6 6. Be3 Ng4 7. Bc1 Nf6 8. f3
e6 9. Be3 b5 10. Qd2 Bb7 11. a4 b4 12. Na2 d5 13. e5 Nfd7 14. f4 Nc5 15. Bd3 a5
16. f5 Be7 17. fxe6 O-O 18. exf7+ Rxf7 19. O-O-O Qc7 20. e6 Rf8 21. Kb1 Nc6 22.
Rhe1 Ne4 23. Bxe4 dxe4 24. Nb5 Qe5 25. Qd7 Rab8 26. Rd5 Qxh2 27. Red1 h6 28.
Nc1 Bf6 29. Rc5 Ne5 30. Qc7 Rfc8 31. Qxb7 Rxb7 32. Rxc8+ Kh7 33. Nd6 Re7 34.
Nxe4 Rxe6 35. g3 Ng4 36. Nxf6+ Nxf6 37. Bf4 Qg2 38. Rd2 Qh1 39. Rd4 Re1 40. Rc7
Nd5 0-1

[Event "78th DEN-ch"]
[Site "Aarhus DEN"]
[Date "1999.03.30"]
[Round "4"]
[White "Fries-Nielsen, Jens Ove"]
[Black "Schandorff, Lars"]
[WhiteElo "2447"]
[BlackElo "2527"]
[Result "1/2-1/2"]
[EventDate "1999.03.27"]
[PlyCount "34"]
[EventCategory "10"]
[Source "ChessBase"]
[SourceDate "1999.08.01"]

1. e4 c5 2. Nf3 Nc6 3. Bb5 e6 4. Bxc6 bxc6 5. b3 Ne7 6. O-O Ng6 7. Ba3 Be7 8.
d4 cxd4 9. Bxe7 Qxe7 10. Nxd4 O-O 11. c4 Bb7 12. Nc3 a6 13. Qh5 c5 14. Nf3 Bc6
15. Rfe1 Qf6 16. Re3 Bxe4 17. Qxc5 Bc6 1/2-1/2

[Event "78th DEN-ch"]
[Site "Aarhus DEN"]
[Date "1999.03.30"]
[Round "4"]
[White "Larsen, Bent"]
[Black "Nielsen, Peter Heine"]
[WhiteElo "2532"]
[BlackElo "2515"]
[Result "1/2-1/2"]
[EventDate "1999.03.27"]
[PlyCount "35"]
[EventCategory "10"]
[Source "ChessBase"]
[SourceDate "1999.08.01"]

1. d4 Nf6 2. Nf3 d5 3. c4 e6 4. Nc3 Be7 5. Bg5 h6 6. Bf4 O-O 7. e3 c5 8. dxc5
Bxc5 9. Be2 dxc4 10. Bxc4 Nh5 11. Qxd8 Rxd8 12. Bc7 Rd7 13. Be5 Nc6 14. O-O Nf6
15. Bg3 Rd8 16. Bc7 Rd7 17. Bg3 Rd8 18. Bc7 1/2-1/2

[Event "78th DEN-ch"]
[Site "Aarhus DEN"]
[Date "1999.03.30"]
[Round "4"]
[White "Mortensen, Erling"]
[Black "El-Kher, Henrik"]
[WhiteElo "2424"]
[BlackElo "2338"]
[Result "1-0"]
[EventDate "1999.03.27"]
[PlyCount "81"]
[EventCategory "10"]
[Source "ChessBase"]
[SourceDate "1999.08.01"]

1. e4 c5 2. Nf3 e6 3. d3 Nc6 4. g3 g6 5. Bg2 Bg7 6. O-O d6 7. c3 e5 8. a4 Nge7
9. Na3 O-O 10. Bg5 h6 11. Bxe7 Nxe7 12. Nc4 Be6 13. a5 Qc7 14. Qa4 f5 15. a6 b6
16. Na3 Rad8 17. b4 Rf7 18. Nb5 Qd7 19. bxc5 dxc5 20. exf5 gxf5 21. Rfe1 Ng6
22. h4 f4 23. h5 Nf8 24. Nd2 Bg4 25. Ne4 f3 26. Bf1 Bxh5 27. Ned6 Re7 28. Nb7
Ra8 29. N7d6 Bg6 30. Qh4 Qe6 31. Re3 Bf6 32. Qh3 Qb3 33. Rxf3 Bg7 34. Re1 Nh7
35. Rfe3 Ng5 36. Qg4 Qe6 37. Qxe6+ Nxe6 38. f4 Rf8 39. fxe5 Ng5 40. Bg2 Kh7 41.
d4 1-0

[Event "78th DEN-ch"]
[Site "Aarhus DEN"]
[Date "1999.03.31"]
[Round "5"]
[White "El-Kher, Henrik"]
[Black "Hansen, Curt"]
[WhiteElo "2338"]
[BlackElo "2608"]
[Result "0-1"]
[EventDate "1999.03.27"]
[PlyCount "102"]
[EventCategory "10"]
[Source "ChessBase"]
[SourceDate "1999.08.01"]

1. d4 Nf6 2. c4 e6 3. Nf3 d5 4. Nc3 Nbd7 5. Bg5 c6 6. e3 Qa5 7. Bxf6 Nxf6 8.
Nd2 Be7 9. Bd3 dxc4 10. Nxc4 Qc7 11. Rc1 O-O 12. O-O Rd8 13. Qe2 Bd7 14. Ne4
Nxe4 15. Bxe4 Be8 16. a3 a5 17. Qf3 g6 18. Qg3 Qxg3 19. hxg3 Ra6 20. Rc2 f6 21.
Nd2 a4 22. Bf3 g5 23. Be2 Ra7 24. Bc4 Bf7 25. Ne4 Kg7 26. f3 h5 27. Kf2 f5 28.
Nc3 Ra5 29. f4 h4 30. Ne2 hxg3+ 31. Kxg3 Bd6 32. Kh2 gxf4 33. exf4 Rh8+ 34. Kg3
Raa8 35. Kf3 Kf6 36. Rcc1 Rad8 37. Ba2 Rh2 38. Rh1 Bh5+ 39. Ke3 Rxh1 40. Rxh1
Bxe2 41. Kxe2 Bxf4 42. Rd1 Bg5 43. Bb1 b5 44. Ba2 Ke7 45. Rd3 Bc1 46. Rc3 Bxb2
47. Rxc6 Rd6 48. Rc7+ Kf6 49. Rb7 Rxd4 50. Rxb5 Bxa3 51. Ra5 Bc1 0-1

[Event "78th DEN-ch"]
[Site "Aarhus DEN"]
[Date "1999.03.31"]
[Round "5"]
[White "Hansen, Lars Bo"]
[Black "Borge, Nikolaj"]
[WhiteElo "2565"]
[BlackElo "2466"]
[Result "1-0"]
[EventDate "1999.03.27"]
[PlyCount "73"]
[EventCategory "10"]
[Source "ChessBase"]
[SourceDate "1999.08.01"]

1. d4 Nf6 2. Nf3 g6 3. c3 Bg7 4. Bg5 O-O 5. Nbd2 b6 6. e3 Bb7 7. a4 a6 8. Bc4
c5 9. O-O d6 10. b4 cxd4 11. cxd4 Nc6 12. Qb1 Rc8 13. Rc1 a5 14. bxa5 Nxa5 15.
Be2 Rxc1+ 16. Qxc1 Ne4 17. Nxe4 Bxe4 18. Nd2 Bc6 19. Qb2 Qc7 20. e4 Rc8 21. Rc1
Qb7 22. Qb4 h6 23. Be3 d5 24. exd5 Bxd5 25. Rxc8+ Qxc8 26. Qxb6 Qa8 27. Bf3 e6
28. Qb5 g5 29. Bxd5 exd5 30. g4 Qc8 31. h3 Nc4 32. Nxc4 dxc4 33. a5 c3 34. Qc5
Qxc5 35. dxc5 c2 36. a6 Bd4 37. a7 1-0

[Event "78th DEN-ch"]
[Site "Aarhus DEN"]
[Date "1999.03.31"]
[Round "5"]
[White "Hansen, Sune Berg"]
[Black "Larsen, Bent"]
[WhiteElo "2499"]
[BlackElo "2532"]
[Result "1-0"]
[EventDate "1999.03.27"]
[PlyCount "78"]
[EventCategory "10"]
[Source "ChessBase"]
[SourceDate "1999.08.01"]

1. e4 Nf6 2. e5 Nd5 3. d4 d6 4. Nf3 dxe5 5. Nxe5 g6 6. Bc4 c6 7. O-O Bg7 8. Re1
O-O 9. Bb3 Nd7 10. Nf3 N7f6 11. h3 Be6 12. c4 Nb6 13. Qe2 a5 14. a4 Nc8 15. Nc3
Nd6 16. Ba2 Nf5 17. Rd1 Bd7 18. Bf4 b6 19. Rd2 Re8 20. Rad1 Ra7 21. Ne5 e6 22.
g4 Ne7 23. Qf3 h6 24. Bg3 Rf8 25. Bb1 Nh7 26. Qe3 Bc8 27. Bf4 g5 28. Bh2 f5 29.
Re1 Qe8 30. d5 exd5 31. Qxb6 Rb7 32. Qc5 Ng6 33. Rde2 Bxe5 34. Bxe5 Nh4 35. Bd6
Nf3+ 36. Kh1 Qf7 37. Bxf8 Nxe1 38. Bxh6 Nf3 39. Qxc6 Rc7 1-0

[Event "78th DEN-ch"]
[Site "Aarhus DEN"]
[Date "1999.03.31"]
[Round "5"]
[White "Schandorff, Lars"]
[Black "Mortensen, Erling"]
[WhiteElo "2527"]
[BlackElo "2424"]
[Result "1/2-1/2"]
[EventDate "1999.03.27"]
[PlyCount "116"]
[EventCategory "10"]
[Source "ChessBase"]
[SourceDate "1999.08.01"]

1. c4 Nf6 2. Nc3 e5 3. Nf3 Nc6 4. d3 Bb4 5. e4 d6 6. g3 Bg4 7. h3 Bxf3 8. Qxf3
a5 9. Bg2 a4 10. Bd2 a3 11. b3 Nd4 12. Qd1 c6 13. Ne2 Bxd2+ 14. Qxd2 Nxe2 15.
Kxe2 Qb6 16. Rab1 Nd7 17. Rhd1 O-O 18. d4 Rfd8 19. Kf1 c5 20. d5 Qa5 21. Qxa5
Rxa5 22. Ke1 Ra6 23. Kd2 Rb6 24. Bf1 Nb8 25. Bd3 Na6 26. Rbc1 Nb4 27. Bb1 Ra6
28. Rf1 Re8 29. Rc3 Raa8 30. Re3 Re7 31. Re2 Rae8 32. Re3 g6 33. g4 Kg7 34. Rg3
Rh8 35. h4 f6 36. Rfg1 Kf8 37. Ke3 Rg7 38. Ke2 Kf7 39. Rf3 Ke7 40. Rfg3 Rb8 41.
Rh1 Rbg8 42. Rhg1 Kf7 43. Rf3 Rf8 44. Rfg3 Kg8 45. Kd2 Rff7 46. Ke3 h5 47. gxh5
gxh5 48. Kf3 Rxg3+ 49. fxg3 Rh7 50. g4 hxg4+ 51. Rxg4+ Kf7 52. Kg3 Na6 53. Bd3
Nb4 54. Bb1 Rh8 55. Kh3 Na6 56. Bd3 Nb8 57. Rg3 Na6 58. Rg4 Nb4 1/2-1/2

[Event "78th DEN-ch"]
[Site "Aarhus DEN"]
[Date "1999.04.01"]
[Round "6"]
[White "Borge, Nikolaj"]
[Black "El-Kher, Henrik"]
[WhiteElo "2466"]
[BlackElo "2338"]
[Result "1/2-1/2"]
[EventDate "1999.03.27"]
[PlyCount "181"]
[EventCategory "10"]
[Source "ChessBase"]
[SourceDate "1999.08.01"]

1. e4 c5 2. Nf3 Nc6 3. d4 cxd4 4. Nxd4 Nf6 5. Nc3 e5 6. Ndb5 d6 7. Bg5 a6 8.
Na3 b5 9. Nd5 Be7 10. Bxf6 Bxf6 11. c3 Rb8 12. Nc2 Bg5 13. a4 bxa4 14. Ncb4 Bd7
15. Bxa6 Nxb4 16. cxb4 O-O 17. O-O Bc6 18. b5 Bxb5 19. Bxb5 Rxb5 20. Qc2 Qb8
21. Rfb1 Rc8 22. Qe2 Rbc5 23. h4 Rc1+ 24. Rxc1 Rxc1+ 25. Rxc1 Bxc1 26. Qc2 Bxb2
27. Qxa4 Qd8 28. h5 h6 29. g3 Bd4 30. Kg2 Kh7 31. Qa6 Bc5 32. Qb7 Qe8 33. f3
Qe6 34. Qa8 f6 35. Qd8 Qf7 36. g4 Ba3 37. Qc8 Bc5 38. Qf5+ Kh8 39. Qc8+ Kh7 40.
Kg3 Ba3 41. Qa8 Bc5 42. Qd8 Qa7 43. Qe7 Qxe7 44. Nxe7 d5 45. Nxd5 Kg8 46. Kg2
Kf7 47. f4 exf4 48. Nxf4 Bd6 49. Ng6 Bc7 50. Kf3 Bd6 51. Ke3 Bb8 52. Kd4 Bg3
53. Kd5 Bh2 54. Nh4 Bg3 55. Nf5 Bf4 56. Nh4 Bg3 57. Ng6 Bh2 58. Nh8+ Kg8 59.
Ng6 Kf7 60. Kc6 Ke6 61. Kc5 Bg1+ 62. Kc4 Bh2 63. Kd3 Bd6 64. Nh4 Be5 65. Nf5
Kf7 66. Nh4 Bd6 67. Kd4 Ke6 68. Nf5 Bf8 69. Ke3 Ke5 70. Kf3 Ke6 71. Kf4 Kf7 72.
Ke3 Bc5+ 73. Kd3 Bb4 74. Kc4 Ba3 75. Kd5 Bf8 76. Nd4 Bb4 77. Kc6 Bc3 78. Nf5
Ke6 79. Nxg7+ Ke5 80. Nf5 Bd2 81. Kd7 Kxe4 82. Ke6 Kf3 83. Kxf6 Kxg4 84. Kg6
Kf4 85. Nxh6 Ke5 86. Nf7+ Ke6 87. Ng5+ Bxg5 88. Kxg5 Kf7 89. h6 Kg8 90. Kg6 Kh8
91. h7 1/2-1/2

[Event "78th DEN-ch"]
[Site "Aarhus DEN"]
[Date "1999.04.01"]
[Round "6"]
[White "Fries-Nielsen, Jens Ove"]
[Black "Mortensen, Erling"]
[WhiteElo "2447"]
[BlackElo "2424"]
[Result "1/2-1/2"]
[EventDate "1999.03.27"]
[PlyCount "42"]
[EventCategory "10"]
[Source "ChessBase"]
[SourceDate "1999.08.01"]

1. e4 c5 2. Nf3 Nc6 3. Nc3 e6 4. Bb5 Nge7 5. O-O Ng6 6. Bxc6 bxc6 7. e5 f6 8.
Re1 Be7 9. d3 O-O 10. exf6 Bxf6 11. Ne4 d6 12. c3 e5 13. Qa4 Qc7 14. d4 cxd4
15. cxd4 Be6 16. dxe5 Bxe5 17. Nxe5 Nxe5 18. Qd4 Bd5 19. Nc3 Bf7 20. Bf4 c5 21.
Qd1 Rad8 1/2-1/2

[Event "78th DEN-ch"]
[Site "Aarhus DEN"]
[Date "1999.04.01"]
[Round "6"]
[White "Hansen, Curt"]
[Black "Schandorff, Lars"]
[WhiteElo "2608"]
[BlackElo "2527"]
[Result "1-0"]
[EventDate "1999.03.27"]
[PlyCount "121"]
[EventCategory "10"]
[Source "ChessBase"]
[SourceDate "1999.08.01"]

1. d4 d5 2. c4 dxc4 3. e4 e5 4. Nf3 exd4 5. Bxc4 Nc6 6. O-O Be6 7. Bxe6 fxe6 8.
Qb3 Qd7 9. Qxb7 Rb8 10. Qa6 Nf6 11. Nbd2 Bd6 12. Qd3 O-O 13. h3 e5 14. Nc4 Nb4
15. Qb3 Nbd5 16. Qd1 Nxe4 17. Nfxe5 Bxe5 18. Nxe5 Qe6 19. Qxd4 Rb4 20. Nc4 Nb6
21. b3 Nxc4 22. Re1 Re8 23. bxc4 Qxc4 24. Qd1 Rbb8 25. Be3 c5 26. Qd7 a6 27.
Rec1 Qe6 28. Qxe6+ Rxe6 29. Rc2 Rb5 30. Rac1 Ra5 31. f3 Ng3 32. Kf2 Nh5 33. g4
Nf6 34. Bxc5 Nd5 35. Rd2 Nf6 36. Bb4 Rb5 37. Rc4 h6 38. a4 Rb7 39. Bc3 Kf7 40.
h4 Nd7 41. h5 Nb6 42. Rf4+ Ke8 43. a5 Nc8 44. Bb4 Ne7 45. Re2 Rxe2+ 46. Kxe2
Kd7 47. Bc3 Ke6 48. Bxg7 Nd5 49. Re4+ Kf7 50. Be5 Rb5 51. Ra4 Rb3 52. Kf2 Nb4
53. Bd6 Nd5 54. Bf4 Rb2+ 55. Kg3 Nc3 56. Rc4 Ne2+ 57. Kh4 Rb3 58. Bxh6 Rxf3 59.
Rc7+ Kg8 60. Rg7+ Kh8 61. Re7 1-0

[Event "78th DEN-ch"]
[Site "Aarhus DEN"]
[Date "1999.04.01"]
[Round "6"]
[White "Nielsen, Peter Heine"]
[Black "Hansen, Sune Berg"]
[WhiteElo "2515"]
[BlackElo "2499"]
[Result "1/2-1/2"]
[EventDate "1999.03.27"]
[PlyCount "47"]
[EventCategory "10"]
[Source "ChessBase"]
[SourceDate "1999.08.01"]

1. d4 d5 2. c4 dxc4 3. e3 e6 4. Bxc4 Nf6 5. Nf3 c5 6. O-O Nc6 7. a3 a6 8. dxc5
Qxd1 9. Rxd1 Bxc5 10. b4 Ba7 11. Bb2 Ke7 12. Nbd2 Bd7 13. Nb3 Rhc8 14. Bf1 Nd8
15. a4 Bc6 16. b5 axb5 17. axb5 Bd5 18. Nbd2 Bc5 19. Ne5 b6 20. Nd3 Bd6 21. Bd4
Rxa1 22. Rxa1 Rc2 23. Nf3 Nd7 24. Nfe1 1/2-1/2

[Event "78th DEN-ch"]
[Site "Aarhus DEN"]
[Date "1999.04.02"]
[Round "7"]
[White "El-Kher, Henrik"]
[Black "Larsen, Bent"]
[WhiteElo "2338"]
[BlackElo "2532"]
[Result "1-0"]
[EventDate "1999.03.27"]
[PlyCount "91"]
[EventCategory "10"]
[Source "ChessBase"]
[SourceDate "1999.08.01"]

1. e4 c5 2. Nc3 Nc6 3. f4 e6 4. Nf3 d5 5. Bb5 Nge7 6. Ne5 Bd7 7. Nxd7 Qxd7 8.
Qf3 a6 9. Bxc6 Qxc6 10. exd5 Nxd5 11. d3 O-O-O 12. Bd2 Nb4 13. Qxc6+ Nxc6 14.
O-O-O h5 15. Ne4 Be7 16. Rhf1 Nd4 17. Ba5 Rd7 18. Bb6 c4 19. dxc4 Ne2+ 20. Kb1
Rxd1+ 21. Rxd1 Nxf4 22. Rf1 Nxg2 23. Rg1 Nf4 24. Rxg7 Rf8 25. Kc1 Kd7 26. Be3
Ng6 27. Nc5+ Bxc5 28. Bxc5 Ne7 29. b4 Ke8 30. Rh7 Rg8 31. Rxh5 b5 32. cxb5 axb5
33. Bxe7 Kxe7 34. Rxb5 f5 35. Kd2 Rg2+ 36. Kd3 Kf6 37. a4 e5 38. a5 e4+ 39. Ke3
Rxc2 40. a6 Rc3+ 41. Ke2 Rc2+ 42. Kd1 Rc8 43. a7 Ra8 44. Ra5 Ke6 45. h4 f4 46.
Ke2 1-0

[Event "78th DEN-ch"]
[Site "Aarhus DEN"]
[Date "1999.04.02"]
[Round "7"]
[White "Hansen, Lars Bo"]
[Black "Nielsen, Peter Heine"]
[WhiteElo "2565"]
[BlackElo "2515"]
[Result "1/2-1/2"]
[EventDate "1999.03.27"]
[PlyCount "86"]
[EventCategory "10"]
[Source "ChessBase"]
[SourceDate "1999.08.01"]

1. d4 Nf6 2. Nf3 d5 3. c4 e6 4. Nc3 Be7 5. Bg5 h6 6. Bh4 O-O 7. e3 b6 8. Qb3
Bb7 9. Bxf6 Bxf6 10. cxd5 exd5 11. Rd1 Re8 12. Bd3 c5 13. dxc5 Nd7 14. c6 Bxc6
15. O-O Nc5 16. Qa3 Bb7 17. Ne2 Nxd3 18. Rxd3 Qe7 19. Qxe7 Rxe7 20. Rd2 Rc8 21.
Rfd1 Rec7 22. Nfd4 Bxd4 23. Nxd4 Kf8 24. f3 a6 25. Kf2 g6 26. g4 Ke7 27. h4 Kf6
28. Rd3 Rc4 29. h5 b5 30. hxg6 fxg6 31. Rh1 Rh8 32. Rdd1 h5 33. Rh4 Bc6 34.
gxh5 gxh5 35. Rf4+ Ke7 36. Rg1 Rh7 37. Rg5 h4 38. Kg2 Bd7 39. Rxd5 Rc1 40. Re4+
Kf8 41. Rf4+ Ke7 42. Re4+ Kf8 43. Rf4+ Ke8 1/2-1/2